Normal view
MARC view
- Elements of Design Engineering
Entry Topical Term
001 - CONTROL NUMBER
- control field: 100918
003 - CONTROL NUMBER IDENTIFIER
- control field: NUST
005 - DATE AND TIME OF LATEST TRANSACTION
- control field: 20221020100032.0
008 - FIXED-LENGTH DATA ELEMENTS
- fixed length control field: 221020|| aca||aabn | a|a d
040 ## - CATALOGING SOURCE
- Original cataloging agency: NUST
- Transcribing agency: NUST
150 ## - HEADING--TOPICAL TERM
- Topical term or geographic name entry element: Elements of Design Engineering
670 ## - SOURCE DATA FOUND
- Source citation: Work cat.: (NUST)182711: Vidosic,Joseph P 100917, Elements of Design Engineering /, 1969
